000 01367nam a22002654a 4500
005 20110401123255.0
010 _aB-425060
020 _a8173052921
_c900.00
035 _aB-425060
037 _bResearchco Book Centre
082 _a793.31
100 1 _aVenkateswaran, Usha
_932085
245 1 4 _aThe life and times of La Meri :
_bthe queen of ethnic dance /
_ca monograph by Usha Venkateswaran
260 _aNew Delhi
_bIndira Gandhi National Centre for the Arts :
_bAryan Books International
_c2005
270 _aPooja Apartments, 4B, Ansari Road, Darya Ganj
_bNew Delhi
_e110002
300 _axv, 112 p. :
_bill.
_c29cm(Hb)
500 _a"Research material on 'La Meri' in the New York Public Library for the Performing Arts, Lincoln Centre, New York": p. [111]-112.
504 _aIncludes bibliographical references.
600 0 0 _aLa Meri,
_d1898-1988.
_932086
650 0 _aDancers
_vBiography.
_932087
710 2 _aIndira Gandhi National Centre for the Arts.
_926941
942 _2ddc
_cEN
_mVEN
_h793.31
999 _c51362
_d51362